Lower Limb Movements - Statistics

General Stats
  • This quiz has been taken 19 times
  • The average score is 67 of 114
Answer Stats
Question Tile Select % Correct
Lateral Rotation @ Hip semimembranosus No
100%
Lateral Rotation @ Hip vastus lateralis No
100%
Extension @ Hip adductor brevis No
93%
Lateral Rotation @ Hip biceps femoris No
93%
Lateral Rotation @ Hip iliacus No
93%
Flexion @ Knee obturator interus No
93%
Extension @ Hip psoas major No
93%
Extension @ Hip biceps femoris Yes
87%
Extension @ Hip obturator internus No
87%
Lateral Rotation @ Hip psoas major No
87%
Extension @ Hip vastus lateralis No
87%
Extension @ Hip gluteus maximus Yes
80%
Extension @ Hip iliacus No
80%
Lateral Rotation @ Hip piriformis Yes
80%
Lateral Rotation @ Hip quadratus femoris Yes
80%
Eversion @ Ankle sartorius No
80%
Lateral Rotation @ Hip superior gemellus Yes
80%
Flexion @ Knee vastus lateral No
80%
Flexion @ Knee vastus medialis No
80%
Eversion @ Ankle extensor hallucis longus No
73%
Lateral Rotation @ Hip inferior gemellus Yes
73%
Lateral Rotation @ Hip obturator internus Yes
73%
Extension @ Hip semimembranosus Yes
73%
Flexion @ Knee semimembranosus Yes
73%
Extension @ Hip semitendonosus Yes
73%
Adduction @ Hip adductor brevis Yes
67%
Adduction @ Hip adductor longus Yes
67%
Abduction @ Hip adductor longus No
67%
Adduction @ Hip adductor magnus Yes
67%
Flexion @ Hip biceps femoris No
67%
Extension @ Knee biceps femoris No
67%
Flexion @ Knee biceps femoris Yes
67%
Inversion @ Ankle fibularis longus No
67%
Eversion @ Ankle fibularis longus Yes
67%
Dorsiflexion @ Ankle gastrocnemius No
67%
Plantarflexion @ Ankle gastrocnemius Yes
67%
Eversion @ Ankle gastrocnemius No
67%
Flexion @ Hip gluteus maximus No
67%
Flexion @ Hip gluteus minimus No
67%
Flexion @ Hip piriformis No
67%
Medial Rotation @ Hip piriformis No
67%
Dorsiflexion @ Ankle plantaris No
67%
Plantarflexion @ Ankle plantaris Yes
67%
Extension @ Knee rectus femoris Yes
67%
Flexion @ Hip semimembranosus No
67%
Flexion @ Knee semimembranosus Yes
67%
Abduction @ Hip semitendonosus No
67%
Plantarflexion @ Ankle soleus Yes
67%
Eversion @ Ankle soleus No
67%
Medial Rotation @ Hip tensor fascia lata No
67%
Medial Rotation @ Hip adductor longus Yes
60%
Medial Rotation @ Hip adductor magnus Yes
60%
Plantarflexion @ Ankle extensor digitorum longus No
60%
Inversion @ Ankle extensor hallucis brevis No
60%
Eversion @ Ankle fibularis brevis Yes
60%
Plantarflexion @ Ankle fibularis tertias No
60%
Abduction @ Hip gluteus minimus Yes
60%
Abduction @ Hip obturator internus No
60%
Flexion @ Hip rectus femoris Yes
60%
Abduction @ Hip rectus femoris No
60%
Dorsiflexion @ Ankle soleus No
60%
Medial Rotation @ Hip superior gemellus No
60%
Dorsiflexion @ Ankle tibialis anterior Yes
60%
Eversion @ Ankle tibialis posterior No
60%
Extension @ Knee vastus intermedius Yes
60%
Abduction @ Hip vastus lateralis No
60%
Extension @ Knee vastus lateralis Yes
60%
Extension @ Knee vastus medialis Yes
60%
Medial Rotation @ Hip adductor brevis Yes
53%
Extension @ Knee adductor magnus No
53%
Dorsiflexion @ Ankle extensor digitorum longus Yes
53%
Dorsiflexion @ Ankle extensor hallucis longus Yes
53%
Plantarflexion @ Ankle extensor hallucis longus No
53%
Dorsiflexion @ Ankle fibularis teritas No
53%
Flexion @ Knee gastrocnemius Yes
53%
Adduction @ Hip gluteus medius No
53%
Abduction @ Hip gluteus medius Yes
53%
Adduction @ Hip gluteus minimi No
53%
Extension @ Knee iliacus No
53%
Lateral Rotation @ Hip obturator externus Yes
53%
Adduction @ Hip pectineus Yes
53%
Adduction @ Hip piriformis No
53%
Inversion @ Ankle plantaris No
53%
Flexion @ Hip psoas major Yes
53%
Extension @ Knee psoas major No
53%
Flexion @ Hip sartorius Yes
53%
Abduction @ Hip tensor fascia lata Yes
53%
Eversion @ Ankle tibialis anterior No
53%
Dorsiflexion @ Ankle tibialis posterior No
53%
Inversion @ Ankle tibialis posterior Yes
53%
Eversion @ Ankle fibularis tertias Yes
47%
Lateral Rotation @ Hip gluteus maximus Yes
47%
Abduction @ Hip gluteus maximus Yes
47%
Extension @ Knee gracilis No
47%
Flexion @ Hip iliacus Yes
47%
Inversion @ Ankle flexor digitorum longus No
40%
Adduction @ Hip gracilis Yes
40%
Medial Rotation @ Hip pectineus Yes
40%
Flexion @ Knee plantaris Yes
40%
Flexion @ Knee sartorius Yes
40%
Inversion @ Ankle tibialis anterior Yes
40%
Plantarflexion @ Ankle tibialis posterior Yes
40%
Plantarflexion @ Ankle fibularis longus (weak) Yes
27%
Flexion @ Hip vastus intermedius No
27%
Flexion @ Hip vastus lateralis No
27%
Flexion @ Hip adductor magnus Yes
20%
Plantarflexion @ Ankle fibularis brevis (weak) Yes
20%
Flexion @ Hip pectineus Yes
20%
Flexion @ Hip adductor brevis Yes
13%
Dorsiflexion @ Ankle fibularis tertias Yes
13%
Medial Rotation @ Hip gluteus medius Yes
13%
Medial Rotation @ Hip gluteus minimus Yes
13%
Adduction @ Hip gluteus maximus Yes
7%
Flexion @ Hip tensor fascia lata Yes
0%
No matching quizzes found
Score Distribution
Percent of People with Each Score
Percentile by Number Answered
Your Score History
You have not taken this quiz